fundamentals of logic design (Record no. 5488)
[ view plain ]
| 000 -LEADER | |
|---|---|
| fixed length control field | 00433nam a2200169Ia 4500 |
| 003 - CONTROL NUMBER IDENTIFIER | |
| control field | SGT |
| 020 ## - INTERNATIONAL STANDARD BOOK NUMBER | |
| International Standard Book Number | 9788131500439 |
| 082 ## - DEWEY DECIMAL CLASSIFICATION NUMBER | |
| Classification number | 621.39 |
| Item number | ROT |
| 100 ## - MAIN ENTRY--PERSONAL NAME | |
| Personal name | Roth,Charles H |
| 245 ## - TITLE STATEMENT | |
| Title | fundamentals of logic design |
| 250 ## - EDITION STATEMENT | |
| Edition statement | 5th Ed. |
| 260 ## - PUBLICATION, DISTRIBUTION, ETC. (IMPRINT) | |
| Name of publisher, distributor, etc | Cengage Learning |
| Place of publication, distribution, etc | Autralia |
| Year of Publication | 2004 |
| 300 ## - PAGE DESCRIPTION | |
| No. of Pages | 687p. |
| 650 ## - SUBJECT ADDED ENTRY--TOPICAL TERM | |
| Topical term or geographic name as entry element | Electronics Engineering |
| 653 ## - KEYWORDS--INDEX TERM | |
| Keyword term | Boolean Algebra,Karnaugh Maps, Latches And Flip -flops |
| 942 ## - ADDED ENTRY ELEMENTS (KOHA) | |
| Source of classification or shelving scheme | Dewey Decimal Classification |
| Koha item type | Books |
| Withdrawn status | Lost status | Source of classification or shelving scheme | Damaged status | Not for loan | Home library | Current library | Date acquired | SGTU | Total Checkouts | Full call number | Accession No. (Barcode) | Date last seen | Bill Date | Koha item type |
|---|---|---|---|---|---|---|---|---|---|---|---|---|---|---|
| Dewey Decimal Classification | SGT Engineering Library | SGT Engineering Library | 06/09/2012 | SGTU | 621.39 ROT | FE5560 | 09/02/2015 | 09/02/2015 | Books | |||||
| Dewey Decimal Classification | SGT Engineering Library | SGT Engineering Library | 06/09/2012 | SGTU | 621.39 ROT | FE5561 | 09/02/2015 | 09/02/2015 | Books |